| 000 | 00570nam a2200181Ia 4500 | ||
|---|---|---|---|
| 003 | GCL | ||
| 008 | 140319s9999 xx 000 0 ara d | ||
| 040 |
_aGCL / _cGCL |
||
| 082 | 0 | 4 |
_a810.9 _bم ق |
| 100 | 1 | _aمحمد حسين هيكل | |
| 245 | 1 | 0 |
_aقصص مصرية / _cمحمد حسين هيكل |
| 300 | _a182 ص | ||
| 490 |
_aالهيئة العامة للاستعلامات _v0 |
||
| 650 | 0 | 4 | _aالادب العربى |
| 650 | 0 | 4 | _aالادب العربى - تاريخ ونقد |
| 650 | 0 | 4 | _aالقصص القصيرة - تاريخ ونقد |
| 942 |
_2ddc _cBK |
||
| 999 |
_c50101 _d50101 |
||